Oxford photo dictionary: Practice exercises for classroom use or self-study
The book presents over 2.400 words (both Britisch and American English) in lively, colour photographs, covering the family, the human body and clothes, the home and the city, shops and food, the post office, money and the bank. school and work, science and the environment, travel, sport and animals.
Đã lưu trong:
| Format: | Bog |
|---|---|
| Sprog: | Undetermined |
| Udgivet: |
Oxford
Oxford Univ. Press
1999
|
| Fag: | |
| Tags: |
Tilføj Tag
Ingen Tags, Vær først til at tagge denne postø!
|
| Thư viện lưu trữ: | Trung tâm Học liệu Trường Đại học Cần Thơ |
|---|
| LEADER | 00887nam a2200181Ia 4500 | ||
|---|---|---|---|
| 001 | CTU_37695 | ||
| 008 | 210402s9999 xx 000 0 und d | ||
| 020 | |b 51.000đ | ||
| 082 | |a 428.24 | ||
| 082 | |b O.98 | ||
| 245 | 0 | |a Oxford photo dictionary: Practice exercises for classroom use or self-study | |
| 260 | |a Oxford | ||
| 260 | |b Oxford Univ. Press | ||
| 260 | |c 1999 | ||
| 520 | |a The book presents over 2.400 words (both Britisch and American English) in lively, colour photographs, covering the family, the human body and clothes, the home and the city, shops and food, the post office, money and the bank. school and work, science and the environment, travel, sport and animals. | ||
| 650 | |a english language - study and teaching ( elementary ) - foreign speakers,language arts ( elementary ) | ||
| 904 | |i Minh, 000810 | ||
| 980 | |a Trung tâm Học liệu Trường Đại học Cần Thơ | ||